| 000 | 04372nab a22008297 4500 | ||
|---|---|---|---|
| 003 | AR-RoUNA | ||
| 022 | _a0327-9022 | ||
| 040 |
_aAR-RoUNA _bspa |
||
| 041 | _aspa | ||
| 044 | _aag | ||
| 245 | _aSumma+ | ||
| 260 |
_aBuenos Aires (Argentina): _cDonn SA, _b1993. |
||
| 300 |
_a184 p. : _bil. byn. _bplanos _c34X25 cm. |
||
| 505 | 0 | _tARQUITECTURA | |
| 505 | 0 | _aAlfonso Corona Martínez / Malecón, y después, sur. p. 74 | |
| 505 | 0 | _aHok International LTD, ST Louis, Estudio Aisenson / Edificio Malecón, Puerto Madero, Buenos Aires, Argentina, 1999. p. 74 | |
| 505 | 0 | _tESCUELA MODELO | |
| 505 | 0 | _a4 proyectos de escuelas municipales en Buenos Aires. p.84 | |
| 505 | 0 | _a Lucia Paula Lucca / Jardín Italiano. p. 90 | |
| 505 | 0 | _aLamberto Rossi / Jardín de infantes, Fusignano, Italia, 1996. p. 90 | |
| 505 | 0 | _tEDUCACION TRANSPARENTE | |
| 505 | 0 | _aJeffrey Berk / Florida Day School, Vicente López, Buenos Aires, Argentina, 1999. p. 94 | |
| 505 | 0 | _tEXTERIORES PROPIOS | |
| 505 | 0 | _aAlvaro Siza / Rectorado de la Universidad de Alicante, España, 1996. p. 98 | |
| 505 | 0 | _aFernando Diez / Nave Insignia. p. 106 | |
| 505 | 0 | _aRafael Viñoly Arqs. / Biblioteca de la Universidad de San Andrés, "Max von Buch",San Fernando, Buenos Aires, Argentina, p. 106 | |
| 505 | 0 | _tREPORTAJE | |
| 505 | 0 | _aNicola Gorretti y Beatrice Vivio / He amado amantes. Entrevista a Francesco Moschini. p. 116 | |
| 505 | 0 | _aColección de dibujos de arquitectos. Aldo Rossi. Edoardo Persico. Giancarlo Aymonino. Dario Passi. Franco Purini. p.116 | |
| 505 | 0 | _tARQUITECTURA -- CASAS | |
| 505 | 0 | _aJorge O. Moscato y Rolando Schere / Casa Camdessus en Punta del Este, Uruguay, 1996. p.128 | |
| 505 | 0 | _tARTE -- FOTOGRAFIA | |
| 505 | 0 | _aAlicia Guerrero Yeste y Fredy Massad, arqs / Ciudades Mutantes. p. 136 | |
| 505 | 0 | _aAlicia Guerrero Yeste y Fredy Massad, arq / Fotos de Nueva York. p.136 | |
| 505 | 0 | _tINTERIORES | |
| 505 | 0 | _aHernán Barbero Sarzabal y Sergio Castiglione / Culto al detalle. p. 142 | |
| 505 | 0 | _aKristin Jarmund, arqs. / Bar Og Restaurante, Oslo, Noruega, 1998.p. 142 | |
| 505 | 0 | _aGilberto Rodríguez y Jesús Martínez arqs. / Restaurante Grujalva, México, 1997. p. 146 | |
| 505 | 0 | _aCayetana Mercé / Bares Especiales. p. 148 | |
| 505 | 0 | _aPablo Chiappori Estudio / Bar Chandon, 1999. p.148 | |
| 505 | 0 | _aAlejandro & Liliana, Aizerztein arqs. / Coffee Sore, Buenos Aires, Argentina, 1999. p. 152 | |
| 505 | 0 | _aGuillermo Rosenbaum y Pablo Pizarro arqs. / Deep Blue Bar, 1999. p. 154 | |
| 505 | 0 | _tOTRA MIRADA SOBRE COMO COMEMOS | |
| 505 | 0 | _aDardo Arbide, Guillermo Marra, Simone Seiler y Sebastián Tavormina / Los nuevos espacios de la comida en Buenos Aires. p. 158 | |
| 505 | 0 | _tDISEÑO -- OBJETO CON FIRMA | |
| 505 | 0 | _a 3 diseñadores. Starck, Sottsass, Morrison: nuevos destinos. p.162 | |
| 505 | 0 | _aServicio Pompeya. Bandeja Placentarius. p.164 | |
| 505 | 0 | _aBeatriz Siskind / El vaso más famoso de Alvar Aalto. p. 165 | |
| 505 | 0 | _aTé en la Bauhaus. Reproducciones de objetos diseñados en la Bauhaus. p.166 | |
| 505 | 0 | _aClásicos porteños / Horacio Spinetto. p. 168 | |
| 505 | 0 | _aRestaurante London Grill. Castelar Hotel, Buenos Aires, Argentina. p. 168 | |
| 505 | 0 | _tFRAGMENTOS -- UNIVERSITARIAS | |
| 505 | 0 | _aMaria Luisa Musso / La medida de la imagen. Cátedra de Diseño Textil UBA / FADU. p. 172 | |
| 505 | 0 | _tTEXTURAS | |
| 505 | 0 | _aRoberto Fernández / Resistir con alguna dignidad. p. 174 | |
| 505 | 0 | _aAlicia Kreimer, David Kullock y Juan B. Valdés / Naturaleza y fatalidad p. 175 | |
| 505 | 0 | _aMario Sabugo / Santa Rosa de Lima: ¿perigordiana o poitenina?. p.182 | |
| 505 | 0 | _tPOST SCRIPTUM | |
| 505 | 0 | _aAna Luisa Nobre / La falta que nos hace. p. 184 | |
| 600 | 0 |
_93704 _aViñoly, Rafael _d1944-2023 |
|
| 600 | 0 |
_aMoschini, Francesco _d1948- _911211 |
|
| 600 | 0 |
_aRossi, Aldo, _d1931-1997 . _92895 |
|
| 650 |
_aArquitectura conteporánea _926982 |
||
| 650 |
_aArquitectura educativa _97619 |
||
| 650 |
_aEscuelas _vJardines de infantes _zBuenos Aires (Argentina) _926983 |
||
| 650 |
_aBares _vRestaurantes _zBuenos Aires (Argentina) _926984 |
||
| 773 | 0 |
_aSumma+ _dBuenos Aires, Argentina _gNº41 (feb-marz 2000), p. 184 _x0327-9022 |
|
| 908 | _aImp | ||
| 942 |
_2udc _cART |
||
| 945 | _d2022-07-08 | ||
| 980 |
_6138 _aCarolina Rainero _85 _gMaría Machado |
||
| 999 |
_c11843 _d11843 |
||